Statistics for Countries Colonized by the United Kingdom

Click here to take the quiz!

General Stats

  • This quiz has been taken 143 times
    (127 since last reset)
  • The average score is 41 of 62

Answer Stats

YearAnswer% Correct
1931Canada
93%
1931Australia
90%
1947India
90%
1776United States of America
90%
1961South Africa
89%
1931New Zealand
86%
1922Egypt
82%
1922Ireland
82%
1947Pakistan
82%
1963Kenya
78%
1980Zimbabwe
78%
1964Zambia
75%
1961Tanzania
74%
1973Bahamas
73%
1957Malaysia
73%
1960Nigeria
73%
1956Sudan
73%
1966Barbados
71%
1962Jamaica
71%
1962Uganda
71%
1967Yemen
71%
1948Israel
70%
1966Lesotho
70%
1968Eswatini
69%
1970Fiji
68%
1979Saint Vincent and the Grenadines
67%
1966Botswana
66%
1965Gambia
66%
1932Iraq
65%
1948Myanmar
65%
1948Sri Lanka
65%
1962Trinidad and Tobago
65%
1981Antigua and Barbuda
64%
1957Ghana
64%
1983Saint Kitts and Nevis
64%
1979Saint Lucia
64%
1970Tonga
63%
1971Bahrain
62%
1974Grenada
62%
1961Kuwait
62%
1971Qatar
62%
1978Solomon Islands
62%
1978Tuvalu
62%
1971United Arab Emirates
62%
1981Belize
61%
1978Dominica
61%
1946Jordan
61%
1919Afghanistan
60%
1968Nauru
60%
1964Malawi
59%
1965Maldives
57%
1980Vanuatu
57%
1966Guyana
56%
1976Seychelles
56%
1960Cyprus
55%
1968Mauritius
54%
1964Malta
52%
1984Brunei
50%
1979Kiribati
50%
1961Sierra Leone
50%
1951Libya
46%
1961Cameroon
43%

Score Distribution

Percentile by Number Answered

Percent of People with Each Score

Your Score History

You have not taken this quiz since the last reset